| 000 | 00665nmm a2200181Ia 4500 | ||
|---|---|---|---|
| 008 | 251105s9999||||xx |||||||||||||||||und|| | ||
| 041 | _aspa | ||
| 100 | _aGallur Muleiro, Mercedes | ||
| 245 | 0 | _aProgramación didáctica de ESPA. Programaciones didácticas. Nivel I - Módulo I. Ámbito social | |
| 264 |
_a[Madrid, España] : _bMinisterio de Educación, Cultura y Deporte de España, _c2010 |
||
| 300 | _a51 páginas | ||
| 650 | _aEducation | ||
| 700 | _aGallur Muleiro, Mercedes | ||
| 700 | 1 | _a García de Diego, María Dolores | |
| 700 | 1 | _a Martínez Martínez, Miguel Ángel | |
| 856 | _uhttps://public.digitaliapublishing.com/a/14756 | ||
| 942 | _cCF | ||
| 999 |
_c65823 _d65823 |
||